| 000 | 01015cab a2200313 4500 | ||
|---|---|---|---|
| 001 | ABS50152 | ||
| 008 | 090401t1994 xxu||||| |||| 00| 0 eng d | ||
| 035 | _a(Sirsi) u74412 | ||
| 041 | _aeng | ||
| 100 | _aBingham, T. | ||
| 245 | _aCharge of the QS heavy brigade | ||
| 260 | _c1994 | ||
| 350 | _a0 | ||
| 490 |
_aBuilding _v259(7830) 11 February 1994, 28(1) |
||
| 520 | _aReflects on the founding of the Institute of Commercial Litigators by quantity surveyors, offering legal advice cheaper than solicitors. | ||
| 650 | _aBEARD DOVE | ||
| 650 | _aBUCKNALL AUSTIN | ||
| 650 | _aCYRIL SWEETT | ||
| 650 | _aFEES | ||
| 650 | _aINSTITUTE OF COMMERCIAL LITIGATORS | ||
| 650 | _aJAMES R KNOWLES | ||
| 650 | _aLEGAL ADVICE | ||
| 650 | _aQUANTITY SURVEYORS | ||
| 690 | _aMANAGEMENT-DISPUTE AVOIDANCE, MANAGEMENT AND RESOLUTION-DISPUTE MANAGEMENT AND RESOLUTION-ARBITRATION | ||
| 690 | _aLAW | ||
| 690 | _aMANAGEMENT-BUSINESS MANAGEMENT-PROFESSIONAL PRACTICE | ||
| 942 | _n0 | ||
| 948 | _c04/03/1997 | ||
| 999 |
_c46949 _d46949 |
||